[Event "ICS rated blitz match"]
[Site "204.178.125.65"]
[Date "1999.10.03"]
[Round "?"]
[White "Isfen"]
[Black "Hossa"]
[Result "0-1"]
[WhiteElo "2303"]
[BlackElo "2408"]
[PlyCount "148"]
[EventDate "1999.??.??"]

1. e4 e6 2. d4 d5 3. e5 Bd7 4. f4 c5 5. c3 Nh6 6. Nf3 Nc6 7. Bd3 cxd4 8. cxd4
Qb6 9. Bc2 Nb4 10. Bd3 Nxd3+ 11. Qxd3 Rc8 12. Nc3 Be7 13. a3 O-O 14. O-O Nf5
15. b4 Rc4 16. Bd2 Nxd4 17. Be3 Rxc3 18. Qxc3 Ne2+ 19. Kh1 Nxc3 20. Bxb6 axb6
21. Rfc1 Rc8 22. Nd4 Rc4 23. Nf3 f5 24. Nd2 Rc6 25. Rc2 Ne2 26. Rxc6 bxc6 27.
g3 g5 28. Re1 Nd4 29. Kg2 Nc2 30. Rc1 Nxa3 31. b5 Nxb5 32. Nf3 g4 33. Nd2 Bb4
34. Nb3 c5 35. Ra1 Na3 36. h3 Ba4 37. Nc1 gxh3+ 38. Kxh3 Bc2 39. g4 fxg4+ 40.
Kxg4 Bf5+ 41. Kf3 Kf7 42. Ne2 Nc2 43. Ra7+ Kg6 44. Ng3 Nd4+ 45. Kg2 Be1 46. Ra6
Bxg3 47. Kxg3 b5 48. Ra8 Kh5 49. Rg8 h6 50. Rc8 b4 51. Rxc5 b3 52. Rc8 b2 53.
Rb8 b1=Q 54. Rxb1 Bxb1 55. Kf2 Kg4 56. Ke3 Nf5+ 57. Kd2 Kxf4 58. Ke2 Kxe5 59.
Kf3 Bd3 60. Kf2 Kf4 61. Ke1 Ke3 62. Kd1 Be4 63. Kc1 Kd3 64. Kb2 Nd4 65. Ka3 Kc4
66. Kb2 Nc2 67. Kb1 Kb3 68. Kc1 Kc3 69. Kd1 Bf3+ 70. Kc1 d4 71. Kb1 d3 72. Ka2
d2 73. Kb1 d1=Q+ 74. Ka2 74... Bd5# {Isfen checkmated} 0-1

[Event "ICS rated blitz match"]
[Site "204.178.125.65"]
[Date "1999.09.12"]
[Round "?"]
[White "Isfen"]
[Black "Hossa"]
[Result "0-1"]
[WhiteElo "2214"]
[BlackElo "2472"]
[PlyCount "30"]
[EventDate "1999.??.??"]

1. d4 Nf6 2. e3 g6 3. Nf3 Bg7 4. Be2 O-O 5. O-O d6 6. c4 Nbd7 7. Nc3 c6 8. Qc2
c5 9. Rd1 Rb8 10. h3 Re8 11. dxc5 Nxc5 12. b4 Bf5 13. e4 Ncxe4 14. Bb2 Nxf2 15.
Qb3 15... Nxd1 {Isfen resigns} 0-1

[Event "ICS rated blitz match"]
[Site "204.178.125.65"]
[Date "1999.09.12"]
[Round "?"]
[White "Isfen"]
[Black "Hossa"]
[Result "1/2-1/2"]
[WhiteElo "2203"]
[BlackElo "2487"]
[PlyCount "126"]
[EventDate "1999.??.??"]

1. c4 Nf6 2. Qc2 e5 3. g3 Bc5 4. e3 Nc6 5. a3 O-O 6. Bg2 d6 7. Ne2 Bg4 8. Nbc3
Qc8 9. O-O Bh3 10. Rd1 Bxg2 11. Kxg2 Qg4 12. h3 Qxc4 13. d3 Qe6 14. d4 exd4 15.
exd4 Nxd4 16. Nxd4 Bxd4 17. Rxd4 Rfe8 18. Be3 c5 19. Rdd1 Rad8 20. Qd3 a6 21.
Nd5 Qe5 22. Rd2 Ne4 23. Re2 Re6 24. Bf4 Qd4 25. Qxd4 cxd4 26. Rd1 Nxg3 27. Rxe6
fxe6 28. fxg3 exd5 29. Rxd4 Kf7 30. Rxd5 Ke6 31. Rd2 h6 32. Kf3 g5 33. Be3 Rc8
34. Bd4 h5 35. Bc3 Rc4 36. Rd4 Rc5 37. Ke4 b5 38. Rd2 Rc4+ 39. Kf3 g4+ 40. Kg2
gxh3+ 41. Kxh3 d5 42. Re2+ Kd6 43. Re8 d4 44. Rd8+ Ke5 45. Bxd4+ Rxd4 46. Rxd4
Kxd4 47. Kh4 a5 48. Kxh5 Ke5 49. Kg6 b4 50. g4 b3 51. g5 Ke4 52. Kf6 Kd3 53. g6
Kc2 54. g7 Kxb2 55. g8=Q a4 56. Qc4 Kxa3 57. Qc3 Ka2 58. Ke5 b2 59. Qc2 a3 60.
Kd4 Ka1 61. Qc3 Ka2 62. Qc2 Ka1 63. Qc3 63... Ka2 {
Game drawn by mutual agreement} 1/2-1/2

[Event "ICS rated blitz match"]
[Site "204.178.125.65"]
[Date "1999.10.02"]
[Round "?"]
[White "Isfen"]
[Black "Hossa"]
[Result "0-1"]
[WhiteElo "2232"]
[BlackElo "2405"]
[PlyCount "72"]
[EventDate "1999.??.??"]

1. e4 c6 2. d4 d5 3. e5 Bf5 4. c3 e6 5. f4 c5 6. Nf3 Nc6 7. a3 cxd4 8. cxd4 Be7
9. Nc3 Nh6 10. Bd3 Bxd3 11. Qxd3 O-O 12. O-O Rc8 13. b4 a6 14. Bd2 Nf5 15. g4
Nh6 16. h3 Kh8 17. Kh1 Qb6 18. f5 Ng8 19. Rac1 Bd8 20. Be3 Qc7 21. Ne2 Qd7 22.
Ng3 Be7 23. Ng5 Bxg5 24. Bxg5 h6 25. Be3 f6 26. Rce1 fxe5 27. fxe6 Qxe6 28. Nf5
e4 29. Qe2 Rc7 30. Qf2 Rcf7 31. Qh4 Nge7 32. Ng3 Ng6 33. Qh5 Nf4 34. Bxf4 Rxf4
35. Nf5 Rxf1+ 36. Rxf1 36... Nxd4 {Isfen resigns} 0-1

[Event "ICS rated blitz match"]
[Site "204.178.125.65"]
[Date "1999.10.19"]
[Round "?"]
[White "Isfen"]
[Black "Hossa"]
[Result "0-1"]
[WhiteElo "2283"]
[BlackElo "2476"]
[PlyCount "62"]
[EventDate "1999.??.??"]

1. e4 e5 2. c4 Nc6 3. Nc3 Nf6 4. Be2 Bb4 5. d3 Nd4 6. Nf3 Nxe2 7. Qxe2 d6 8. h3
O-O 9. O-O c6 10. Nh2 Bd7 11. f4 Qa5 12. Bd2 Rfd8 13. f5 Bc5+ 14. Kh1 Re8 15.
g4 Rf8 16. a3 Qb6 17. b4 Bd4 18. Rab1 Qa6 19. Ra1 b5 20. a4 Bxc3 21. Bxc3 bxa4
22. g5 Ne8 23. Ng4 f6 24. g6 hxg6 25. fxg6 f5 26. exf5 Rxf5 27. Rxf5 Bxf5 28.
Rf1 Bxg6 29. Ne3 Qc8 30. Qg2 Bxd3 31. Rg1 31... Be4 {Isfen resigns} 0-1

[Event "ICS rated blitz match"]
[Site "204.178.125.65"]
[Date "1999.09.18"]
[Round "?"]
[White "Isfen"]
[Black "Hossa"]
[Result "0-1"]
[WhiteElo "2273"]
[BlackElo "2490"]
[PlyCount "140"]
[EventDate "1999.??.??"]

1. d4 Nf6 2. e3 g6 3. Nf3 Bg7 4. Be2 O-O 5. O-O d6 6. c4 Nbd7 7. Nc3 c6 8. Qc2
c5 9. Rd1 Rb8 10. b3 b6 11. Bb2 cxd4 12. exd4 Ba6 13. Qd2 Ng4 14. h3 Bh6 15.
Qd3 Ngf6 16. Re1 Re8 17. Rad1 d5 18. Nh2 Rc8 19. Nb5 Bxb5 20. cxb5 e5 21. dxe5
Nxe5 22. Qd4 Rc2 23. Bd3 Nxd3 24. Rxe8+ Qxe8 25. Rxd3 Bg7 26. Re3 Qxb5 27. Ng4
Nh5 28. Nh6+ Kf8 29. Ba3+ Qc5 30. Bxc5+ Rxc5 31. Qa4 Rc1+ 32. Kh2 Bxh6 33. Qe8+
Kg7 34. Rf3 Nf6 35. Qd8 Rc6 36. b4 Bg5 37. Qa8 Rc7 38. Qb8 Re7 39. g3 Bd2 40.
Qd6 Re6 41. Qc7 Bxb4 42. Qxa7 d4 43. Qa4 Bc3 44. Qc4 h5 45. a4 Re7 46. Rxc3
dxc3 47. Qxc3 Re4 48. Kg2 Rxa4 49. Kf3 Re4 50. Kg2 b5 51. f3 Rc4 52. Qb2 Rc5
53. g4 hxg4 54. hxg4 g5 55. Kg3 Kg6 56. Qb1+ Kh6 57. Qb4 Rd5 58. Qe7 Kg6 59.
Qe3 Kg7 60. Qb3 Kf8 61. Qb2 Ke7 62. Qb4+ Ke6 63. Qb2 Nd7 64. Qe2+ Kd6 65. Qe3
b4 66. Qxg5 Rxg5 67. f4 Rxg4+ 68. Kxg4 b3 69. Kf5 Nf6 70. Kxf6 70... b2 {
Isfen resigns} 0-1

[Event "ICS rated blitz match"]
[Site "204.178.125.65"]
[Date "1999.10.08"]
[Round "?"]
[White "Isfen"]
[Black "Hossa"]
[Result "0-1"]
[WhiteElo "2274"]
[BlackElo "2502"]
[PlyCount "144"]
[EventDate "1999.??.??"]

1. d4 d5 2. e3 c5 3. Nf3 cxd4 4. exd4 Nc6 5. h3 Bf5 6. c3 Nf6 7. Bd3 Bxd3 8.
Qxd3 e6 9. O-O Bd6 10. Re1 O-O 11. Nbd2 Re8 12. Ne5 Bxe5 13. dxe5 Nd7 14. Qg3
Nc5 15. f4 Rc8 16. Kh2 Rf8 17. Qg4 f5 18. exf6 Qxf6 19. Nf3 Rce8 20. Be3 Nd3
21. Re2 Nxf4 22. Bxf4 Qxf4+ 23. Qxf4 Rxf4 24. Rae1 Rf6 25. Ne5 Nxe5 26. Rxe5
Kf7 27. R1e2 Rf8 28. g4 h6 29. Kg3 g5 30. R2e3 b5 31. Rf3 Rxf3+ 32. Kxf3 a5 33.
Re2 Ke7+ 34. Ke3 Kd6 35. h4 Rf4 36. hxg5 hxg5 37. Rg2 b4 38. Kd3 e5 39. cxb4
Rxb4 40. a3 Rb3+ 41. Kc2 Rf3 42. b3 a4 43. bxa4 Rxa3 44. Kb2 Rxa4 45. Kb3 Rc4
46. Rg3 Rf4 47. Rg2 e4 48. Kc3 Kc5 49. Kd2 d4 50. Ke2 Kc4 51. Rg1 Rf3 52. Rc1+
Rc3 53. Ra1 Rb3 54. Ra4+ Rb4 55. Ra8 Rb2+ 56. Kf1 e3 57. Rg8 Kd3 58. Rxg5 Rb1+
59. Kg2 e2 60. Re5 e1=Q 61. Rxe1 Rxe1 62. Kf3 Rg1 63. Kf4 Kc4 64. g5 d3 65. Kf5
Kd4 66. g6 Rxg6 67. Kxg6 Ke5 68. Kg5 d2 69. Kg4 d1=Q+ 70. Kg3 Qe2 71. Kh3 Kf4
72. Kh4 72... Qh2# {Isfen checkmated} 0-1

[Event "ICS rated blitz match"]
[Site "204.178.125.65"]
[Date "1999.08.29"]
[Round "?"]
[White "Isfen"]
[Black "Hossa"]
[Result "1-0"]
[WhiteElo "2237"]
[BlackElo "2455"]
[PlyCount "59"]
[EventDate "1999.??.??"]

1. c4 e5 2. Nc3 Bb4 3. g3 Ne7 4. Bg2 O-O 5. Nf3 d6 6. d3 Bg4 7. O-O Nbc6 8. Bd2
f6 9. a3 Bxc3 10. Bxc3 Qd7 11. Re1 Bh3 12. Bh1 Qg4 13. b4 Rab8 14. e3 a6 15.
Nh4 Qe6 16. d4 Qxc4 17. Rc1 Qa2 18. g4 Nd5 19. Qf3 Nxc3 20. Rxc3 Qb2 21. Rcc1
Bxg4 22. Qxg4 e4 23. Bxe4 Rfe8 24. Bd5+ Kf8 25. Nf5 g6 26. Qh4 Re6 27. Bxe6
gxf5 28. Qxf6+ Ke8 29. Qf7+ Kd8 30. Qd7# {Hossa checkmated} 1-0

[Event "ICS rated blitz match"]
[Site "204.178.125.65"]
[Date "1999.09.02"]
[Round "?"]
[White "Isfen"]
[Black "Hossa"]
[Result "0-1"]
[WhiteElo "2257"]
[BlackElo "2488"]
[PlyCount "60"]
[EventDate "1999.??.??"]

1. c4 c5 2. Nc3 Nc6 3. Nf3 d6 4. g3 e6 5. Bg2 d5 6. cxd5 exd5 7. d4 cxd4 8.
Nxd4 Bb4 9. O-O Bxc3 10. bxc3 Nce7 11. Bg5 f6 12. Bf4 Ng6 13. Bc1 N8e7 14. Ba3
O-O 15. Qb3 Rf7 16. Rad1 Qb6 17. Nb5 Bg4 18. Rfe1 Rd8 19. h3 Bf5 20. Nd4 Be4
21. f3 Bf5 22. Kh2 Qc7 23. Nb5 Qb8 24. Qa4 Bd7 25. Qb3 Bxb5 26. Qxb5 Nf5 27. f4
Nxf4 28. gxf4 Qxf4+ 29. Kg1 Qg3 30. Qd3 30... Ne3 {Isfen resigns} 0-1

[Event "ICS rated blitz match"]
[Site "204.178.125.65"]
[Date "1999.10.10"]
[Round "?"]
[White "Isfen"]
[Black "Hossa"]
[Result "1/2-1/2"]
[WhiteElo "2299"]
[BlackElo "2526"]
[PlyCount "116"]
[EventDate "1999.??.??"]

1. d4 Nf6 2. Nf3 c5 3. d5 Qa5+ 4. Nc3 e6 5. Bd2 Qb6 6. dxe6 dxe6 7. e4 Nc6 8.
a3 Be7 9. Be2 O-O 10. O-O Rd8 11. Rb1 Rb8 12. Qe1 Nd4 13. Bd1 Qd6 14. Be3 e5
15. Rc1 Be6 16. h3 Bc4 17. Be2 Nxe2+ 18. Nxe2 Qa6 19. Nc3 Bxf1 20. Qxf1 Qd6 21.
Qe2 Rbc8 22. Nh4 Qe6 23. Nf3 Rd7 24. Rd1 Rxd1+ 25. Qxd1 Rd8 26. Qe2 Qb6 27. b3
Qa5 28. Nb1 Nd7 29. a4 Qb4 30. Nbd2 Qc3 31. Nc4 a6 32. Bc1 Qa1 33. Qf1 Qb1 34.
Ne3 Bd6 35. Kh2 Nf8 36. Qe1 Ne6 37. Nd2 Qa1 38. Ndc4 Nd4 39. Qd2 Qb1 40. Bb2 b5
41. axb5 axb5 42. Bxd4 cxd4 43. Nxd6 dxe3 44. Qd5 Rf8 45. fxe3 b4 46. Qxe5 Qxc2
47. Nf5 Qc3 48. Qe7 Ra8 49. e5 Qxb3 50. Qg5 g6 51. Nh6+ Kf8 52. Qf6 Re8 53. Ng4
h5 54. Qh8+ Ke7 55. Qf6+ Kf8 56. Qh8+ Ke7 57. Qf6+ Kf8 58. Qh8+ 58... Ke7 {
Game drawn by repetition} 1/2-1/2

[Event "ICS rated blitz match"]
[Site "204.178.125.65"]
[Date "1999.10.10"]
[Round "?"]
[White "Isfen"]
[Black "Hossa"]
[Result "0-1"]
[WhiteElo "2322"]
[BlackElo "2454"]
[PlyCount "66"]
[EventDate "1999.??.??"]

1. d4 Nf6 2. e3 g6 3. Nf3 Bg7 4. Be2 O-O 5. O-O d6 6. c4 Nbd7 7. Nc3 c6 8. Qc2
c5 9. d5 e5 10. dxe6 fxe6 11. Rd1 Ne8 12. e4 Ne5 13. Nxe5 Bxe5 14. Be3 b6 15.
f4 Bxf4 16. Bxf4 Rxf4 17. e5 Ba6 18. b3 Rd4 19. Bf3 Rb8 20. exd6 Nxd6 21. Ne2
Rxd1+ 22. Rxd1 Qf8 23. Ng3 Qe7 24. Qe2 Rf8 25. Qe5 Nf5 26. Nxf5 Rxf5 27. Qe3 e5
28. Bc6 Bc8 29. Rd5 Qf6 30. h3 Rf1+ 31. Kh2 Qxc6 32. Qxe5 Qf6 33. Qe8+ 33...
Kg7 {Isfen resigns} 0-1

[Event "ICS rated blitz match"]
[Site "204.178.125.65"]
[Date "1999.08.29"]
[Round "?"]
[White "Isfen"]
[Black "Hossa"]
[Result "0-1"]
[WhiteElo "2231"]
[BlackElo "2439"]
[PlyCount "58"]
[EventDate "1999.??.??"]

1. c4 c6 2. Nc3 d5 3. d4 dxc4 4. e4 b5 5. Nf3 Nd7 6. a4 Bb7 7. axb5 cxb5 8.
Nxb5 Bxe4 9. Bxc4 e6 10. Qe2 Bb4+ 11. Kf1 Bxf3 12. Qxf3 Rc8 13. Bb3 a6 14. Bd2
Qb6 15. Ba4 axb5 16. Bxb4 bxa4 17. Ba3 Qxd4 18. g3 Qd5 19. Qxd5 exd5 20. Re1+
Kd8 21. Rd1 Ngf6 22. Kg2 Re8 23. Rd4 Nb6 24. Rhd1 Ne4 25. Rb4 Re6 26. Rb5 Ke8
27. f3 Rc2+ 28. Kh3 f5 29. g4 29... Rh6# {Isfen checkmated} 0-1

[Event "ICS rated blitz match"]
[Site "204.178.125.65"]
[Date "1999.09.02"]
[Round "?"]
[White "Isfen"]
[Black "Hossa"]
[Result "0-1"]
[WhiteElo "2297"]
[BlackElo "2471"]
[PlyCount "80"]
[EventDate "1999.??.??"]

1. d4 Nf6 2. Nf3 g6 3. g3 Bg7 4. Bg2 O-O 5. O-O d5 6. c4 dxc4 7. Qc2 Nc6 8. Rd1
b5 9. d5 Nxd5 10. a3 Bg4 11. e4 Bxf3 12. Bxf3 Nd4 13. Rxd4 Bxd4 14. exd5 Bg7
15. Nc3 a6 16. Bf4 Rc8 17. a4 Qd7 18. axb5 axb5 19. Qd2 b4 20. Ne2 c6 21. dxc6
Qxd2 22. Bxd2 Bxb2 23. Ra7 c3 24. Bh6 Rfe8 25. c7 e5 26. Bd5 Re7 27. Bc1 Rexc7
28. Ra4 Rd7 29. Bb3 Bxc1 30. Nxc1 c2 31. Rxb4 Rd1+ 32. Kg2 Rxc1 33. Rb7 Rg1+
34. Kxg1 c1=Q+ 35. Kg2 Qc6+ 36. Bd5 Qxd5+ 37. Kh3 Qxb7 38. Kg4 Qe4+ 39. Kg5
Qf5+ 40. Kh6 40... Qh5# {Isfen checkmated} 0-1

[Event "ICS rated blitz match"]
[Site "204.178.125.65"]
[Date "1999.08.29"]
[Round "?"]
[White "Isfen"]
[Black "Hossa"]
[Result "0-1"]
[WhiteElo "2217"]
[BlackElo "2453"]
[PlyCount "114"]
[EventDate "1999.??.??"]

1. d4 d5 2. e3 e6 3. Bd3 c5 4. c3 Nc6 5. Nd2 e5 6. dxc5 Bxc5 7. Ne2 Bg4 8. e4
Nf6 9. f3 dxe4 10. Nxe4 Nxe4 11. Bxe4 Qxd1+ 12. Kxd1 Bd7 13. Ng3 O-O 14. Kc2
Rfd8 15. Re1 Na5 16. Be3 Be7 17. Bd3 Be6 18. Bf5 Bd5 19. Be4 Bxe4+ 20. Nxe4 Nc6
21. Red1 f5 22. Nc5 Bxc5 23. Bxc5 e4 24. fxe4 fxe4 25. Rxd8+ Rxd8 26. Re1 b6
27. Bf2 Rf8 28. Bg3 Re8 29. b3 g5 30. a4 h5 31. h3 Kg7 32. b4 Kg6 33. b5 Na5
34. Rd1 Nc4 35. Rd7 h4 36. Be1 Ne3+ 37. Kb3 Nxg2 38. Rxa7 Nxe1 39. Ra6 Rb8 40.
a5 Nd3 41. axb6 Nc5+ 42. Kc4 Nxa6 43. bxa6 Rxb6 44. a7 Ra6 45. Kd4 Kf5 46. c4
Rxa7 47. c5 Rc7 48. Kd5 Rxc5+ 49. Kxc5 Ke5 50. Kc4 g4 51. Kc3 gxh3 52. Kb4 h2
53. Ka5 h1=Q 54. Kb6 Qb1+ 55. Kc7 Qb7+ 56. Kd8 Ke6 57. Ke8 57... Qe7# {
Isfen checkmated} 0-1

[Event "ICS rated blitz match"]
[Site "204.178.125.65"]
[Date "1999.10.18"]
[Round "?"]
[White "Isfen"]
[Black "Hossa"]
[Result "0-1"]
[WhiteElo "2275"]
[BlackElo "2532"]
[PlyCount "82"]
[EventDate "1999.??.??"]

1. e4 c5 2. c4 g6 3. Nc3 d6 4. Be2 Bg7 5. d3 e5 6. f4 Ne7 7. Nf3 O-O 8. O-O f6
9. h3 Nbc6 10. g4 Nd4 11. f5 Nxe2+ 12. Qxe2 gxf5 13. gxf5 Kh8 14. Kh2 Rg8 15.
Rg1 Nc6 16. Be3 Nd4 17. Qf2 Nxf3+ 18. Qxf3 Rb8 19. a4 Qb6 20. Rg2 Bd7 21. Nd5
Qa6 22. b3 b5 23. Nc7 Qa5 24. Nxb5 Bxb5 25. Bd2 Qa6 26. cxb5 Rxb5 27. axb5 Qxa1
28. b4 Qa4 29. bxc5 dxc5 30. Bc3 Qxb5 31. Bxe5 fxe5 32. f6 Bf8 33. Rxg8+ Kxg8
34. Qg4+ Kf7 35. Qh5+ Kxf6 36. Qf5+ Ke7 37. Qxh7+ Kd8 38. Qf7 Bd6 39. Qd5 Kc7
40. h4 a5 41. h5 41... Qe8 {Isfen resigns} 0-1

[Event "ICS rated blitz match"]
[Site "204.178.125.65"]
[Date "1999.10.08"]
[Round "?"]
[White "Isfen"]
[Black "Hossa"]
[Result "0-1"]
[WhiteElo "2271"]
[BlackElo "2493"]
[PlyCount "46"]
[EventDate "1999.??.??"]

1. d4 d5 2. Nf3 Nf6 3. h3 Nbd7 4. e3 e6 5. Bd3 Bd6 6. O-O e5 7. Be2 O-O 8. c3
e4 9. Nfd2 c5 10. dxc5 Nxc5 11. c4 Be5 12. cxd5 Nxd5 13. Nc4 Bf6 14. Nbd2 Bf5
15. Nb3 Nxb3 16. Qxb3 Qd7 17. Rd1 Be6 18. Bd2 b5 19. Na3 Nf4 20. Qxb5 Rfb8 21.
Qxd7 Nxe2+ 22. Kf1 Bxd7 23. Kxe2 23... Bxb2 {Isfen resigns} 0-1

[Event "ICS rated blitz match"]
[Site "204.178.125.65"]
[Date "1999.10.08"]
[Round "?"]
[White "Isfen"]
[Black "Hossa"]
[Result "0-1"]
[WhiteElo "2264"]
[BlackElo "2500"]
[PlyCount "25"]
[EventDate "1999.??.??"]

1. d4 d5 2. Nf3 Nf6 3. e3 e6 4. Bd3 Bd6 5. O-O O-O 6. Nbd2 c5 7. c3 Nc6 8. Qe2
e5 9. dxe5 Nxe5 10. Nxe5 Bxe5 11. f4 Bb8 12. e4 Bg4 13. Qf2 {Isfen resigns} 0-1

[Event "ICS rated blitz match"]
[Site "204.178.125.65"]
[Date "1999.10.18"]
[Round "?"]
[White "Isfen"]
[Black "Hossa"]
[Result "0-1"]
[WhiteElo "2276"]
[BlackElo "2535"]
[PlyCount "55"]
[EventDate "1999.??.??"]

1. e4 e5 2. c4 Nc6 3. Nc3 Nf6 4. Be2 Bb4 5. d3 Nd4 6. Nf3 Nxe2 7. Qxe2 d6 8. h3
O-O 9. O-O c6 10. Nh2 Bd7 11. f4 Qa5 12. Bd2 Rfd8 13. f5 Bc5+ 14. Kh1 Re8 15.
g4 Rf8 16. a3 Qb6 17. g5 Ne8 18. Qg4 Qxb2 19. Rad1 Bxa3 20. Qh4 Qc2 21. Ng4
Qxd3 22. f6 g6 23. Nh6+ Kh8 24. Nf5 gxf5 25. g6 fxg6 26. Bh6 Qxc3 27. Bxf8 Qxc4
28. exf5 {Isfen resigns} 0-1

[Event "ICS rated blitz match"]
[Site "204.178.125.65"]
[Date "1999.10.08"]
[Round "?"]
[White "Isfen"]
[Black "Hossa"]
[Result "0-1"]
[WhiteElo "2285"]
[BlackElo "2502"]
[PlyCount "150"]
[EventDate "1999.??.??"]

1. d4 Nf6 2. Nf3 c5 3. e3 cxd4 4. exd4 d5 5. h3 e6 6. c3 Nc6 7. Bd3 Bd6 8. O-O
O-O 9. Re1 Re8 10. Ne5 Rb8 11. f4 Re7 12. Nd2 Bd7 13. Kh1 Rc8 14. g4 Qe8 15.
Rg1 Kh8 16. Qe1 Qf8 17. Qh4 Qg8 18. g5 Bxe5 19. fxe5 Ne8 20. Nf3 Nc7 21. Bf4 b5
22. a3 a5 23. g6 fxg6 24. Rxg6 Rf8 25. Rag1 Ref7 26. R6g4 Re7 27. Ng5 g6 28.
Nf3 Be8 29. Ne1 Rg7 30. Bg5 b4 31. axb4 axb4 32. Bf6 bxc3 33. bxc3 Nb8 34. Bxg6
Rxf6 35. Bxe8 Rxg4 36. Qxf6+ Rg7 37. Bh5 Nd7 38. Qxg7+ Qxg7 39. Rxg7 Kxg7 40.
Nf3 Nb6 41. Bg4 Kg6 42. Kg2 h5 43. Kg3 hxg4 44. hxg4 Nb5 45. Nh4+ Kf7 46. g5
Na4 47. g6+ Kg7 48. Kg4 Naxc3 49. Kg5 Nxd4 50. Ng2 Ne4+ 51. Kf4 Kxg6 52. Nh4+
Kh5 53. Ng2 Nc6 54. Ne3 Nc5 55. Ng2 d4 56. Ne1 d3 57. Nf3 Nd7 58. Ke4 Ndxe5 59.
Nd2 Kg4 60. Ke3 Na5 61. Ke4 Nac4 62. Nxc4 Nxc4 63. Kxd3 Kf3 64. Kxc4 e5 65. Kd3
e4+ 66. Kd2 e3+ 67. Ke1 e2 68. Kd2 Kf2 69. Kc3 e1=Q+ 70. Kc4 Qe5 71. Kb4 Ke3
72. Ka4 Qb8 73. Ka5 Kd4 74. Ka6 Kc5 75. Ka5 75... Qa8# {Isfen checkmated} 0-1

[Event "ICS rated blitz match"]
[Site "204.178.125.65"]
[Date "1999.09.19"]
[Round "?"]
[White "JKoutsan"]
[Black "Hossa"]
[Result "0-1"]
[WhiteElo "2008"]
[BlackElo "2479"]
[PlyCount "20"]
[EventDate "1999.??.??"]

1. e4 c6 2. d4 d5 3. f3 dxe4 4. Be3 e5 5. dxe5 Qa5+ 6. Qd2 Bb4 7. c3 Be7 8.
fxe4 Be6 9. Nf3 Na6 10. b4 10... Nxb4 {JKoutsan resigns} 0-1

[Event "ICS rated blitz match"]
[Site "204.178.125.65"]
[Date "1999.09.05"]
[Round "?"]
[White "JUDAPRIEST"]
[Black "Hossa"]
[Result "0-1"]
[WhiteElo "2047"]
[BlackElo "2521"]
[PlyCount "86"]
[EventDate "1999.??.??"]

1. d4 d5 2. e4 dxe4 3. Nc3 Nf6 4. f3 exf3 5. Nxf3 Bg4 6. h3 Bxf3 7. Qxf3 c6 8.
Qf2 e6 9. Bd3 Be7 10. O-O O-O 11. Bg5 Nbd7 12. Qh4 Re8 13. Rf2 Nf8 14. Raf1 Nd5
15. Rxf7 Nf6 16. Rxf8+ Kxf8 17. Qxh7 Qxd4+ 18. Kh1 e5 19. Bg6 Qc4 20. Rxf6+
Bxf6 21. Bxf6 Qf1+ 22. Kh2 Qxf6 23. Ne4 Qf4+ 24. g3 Qh6 25. Qxh6 gxh6 26. Bxe8
Rxe8 27. Nd6 Rd8 28. Nxb7 Rd2+ 29. Kg1 Rxc2 30. Nd6 Rxb2 31. Nf5 h5 32. g4 hxg4
33. hxg4 Rxa2 34. g5 Kf7 35. g6+ Kxg6 36. Ne7+ Kf6 37. Nxc6 e4 38. Nxa7 Rxa7
39. Kf2 Ke5 40. Ke3 Rd7 41. Ke2 Kf4 42. Ke1 Kf3 43. Kf1 43... Rd1# {
JUDAPRIEST checkmated} 0-1

[Event "ICS rated blitz match"]
[Site "204.178.125.65"]
[Date "1999.09.05"]
[Round "?"]
[White "JUDAPRIEST"]
[Black "Hossa"]
[Result "0-1"]
[WhiteElo "2051"]
[BlackElo "2517"]
[PlyCount "126"]
[EventDate "1999.??.??"]

1. d4 d5 2. e4 dxe4 3. Nc3 Nf6 4. f3 exf3 5. Nxf3 Bg4 6. h3 Bxf3 7. Qxf3 c6 8.
Qf2 e6 9. Bd3 Be7 10. O-O O-O 11. Bg5 Nbd7 12. Qh4 Re8 13. Rae1 c5 14. d5 c4
15. Bxc4 Nxd5 16. Bd3 Nf8 17. Bxe7 Qxe7 18. Qxe7 Nxe7 19. Nb5 Red8 20. Rd1 a6
21. Nc3 Nd5 22. Nxd5 Rxd5 23. Be4 Rxd1 24. Rxd1 Rb8 25. Rd6 f5 26. Bf3 b6 27.
Rc6 Kf7 28. Rc7+ Kf6 29. Ra7 a5 30. Kf2 e5 31. Bd5 Rd8 32. Bb3 Rd7 33. Rxd7
Nxd7 34. Ke3 f4+ 35. Ke4 Nc5+ 36. Kd5 Nxb3 37. axb3 Kf5 38. c4 e4 39. Kd4 g5
40. Kc3 g4 41. Kd2 gxh3 42. gxh3 Kg5 43. Ke2 f3+ 44. Ke3 Kh4 45. Kxe4 f2 46.
Kd5 f1=Q 47. Kc6 Qf6+ 48. Kb5 Qxb2 49. c5 Qxb3+ 50. Kc6 bxc5 51. Kxc5 Qd5+ 52.
Kxd5 Kxh3 53. Kc4 h5 54. Kb5 h4 55. Kxa5 Kg4 56. Kb4 h3 57. Kc4 h2 58. Kd3 h1=Q
59. Ke3 Qd5 60. Ke2 Kf4 61. Kf2 Qd2+ 62. Kg1 Kg3 63. Kf1 63... Qd1# {
JUDAPRIEST checkmated} 0-1

[Event "ICS rated blitz match"]
[Site "204.178.125.65"]
[Date "1999.09.10"]
[Round "?"]
[White "JUNIORE"]
[Black "Hossa"]
[Result "0-1"]
[WhiteElo "2235"]
[BlackElo "2454"]
[PlyCount "86"]
[EventDate "1999.??.??"]

1. d4 d5 2. Nf3 Bf5 3. c4 dxc4 4. Nc3 Nf6 5. e3 e6 6. Bxc4 Bd6 7. O-O O-O 8. h3
Nbd7 9. Qe2 Nb6 10. Bb3 c5 11. dxc5 Bxc5 12. e4 Bg6 13. Bg5 Be7 14. Rfd1 Nfd7
15. Be3 Qe8 16. Rac1 Rc8 17. Nb5 Bxe4 18. Nxa7 Rxc1 19. Rxc1 Bf6 20. Nb5 Bd5
21. Nc7 Qe7 22. Nd4 Bxd4 23. Bxd4 Qg5 24. f4 Qxf4 25. Be3 Qe5 26. Nxd5 Nxd5 27.
Bxd5 exd5 28. Qf2 Re8 29. Bd4 Qd6 30. Rf1 Qe6 31. Qg3 Ne5 32. Kh2 f6 33. Rc1
Nc6 34. Bf2 Qe5 35. Bb6 Qxb2 36. Rxc6 bxc6 37. Bc7 Qxa2 38. Qg4 c5 39. Qd7 Qa8
40. Bd6 c4 41. Bc5 Qd8 42. Qg4 Qc7+ 43. Qg3 43... Qxc5 {JUNIORE resigns} 0-1

[Event "ICS rated blitz match"]
[Site "204.178.125.65"]
[Date "1999.08.30"]
[Round "?"]
[White "JenMan"]
[Black "Hossa"]
[Result "0-1"]
[WhiteElo "2087"]
[BlackElo "2507"]
[PlyCount "58"]
[EventDate "1999.??.??"]

1. d4 Nf6 2. Bg5 Ne4 3. Bf4 e6 4. Nd2 Nxd2 5. Qxd2 d5 6. e3 Be7 7. Nf3 O-O 8.
c4 a5 9. a3 c5 10. dxc5 dxc4 11. Rd1 Qxd2+ 12. Rxd2 c3 13. bxc3 Bxc5 14. Bb5
Bxa3 15. O-O Be7 16. Rfd1 Nc6 17. Nd4 Nxd4 18. Rxd4 Bf6 19. Rc4 e5 20. Bg3 Be6
21. Rc7 Rfd8 22. Ra1 h5 23. h3 h4 24. Bh2 b6 25. Kf1 Rd6 26. Ke1 Rad8 27. f4
exf4 28. Bxf4 Rd2 29. Bc6 29... Bxc3 {JenMan resigns} 0-1

[Event "ICS rated blitz match"]
[Site "204.178.125.65"]
[Date "1999.08.29"]
[Round "?"]
[White "JenMan"]
[Black "Hossa"]
[Result "0-1"]
[WhiteElo "2066"]
[BlackElo "2473"]
[PlyCount "70"]
[EventDate "1999.??.??"]

1. d4 d5 2. Bg5 Nd7 3. Nf3 f6 4. Bh4 e6 5. e3 Bd6 6. c4 g5 7. Bg3 Bxg3 8. hxg3
Ne7 9. Nc3 c6 10. cxd5 cxd5 11. Bd3 h5 12. Qa4 g4 13. Nh4 Kf7 14. Rc1 e5 15.
Nb5 a6 16. Nd6+ Kg7 17. Bf5 Nb6 18. Qc2 Qxd6 19. dxe5 Qb4+ 20. Kf1 fxe5 21. Kg1
Nc4 22. Bd3 Qxb2 23. Bxc4 Qxc2 24. Rxc2 dxc4 25. Rxc4 Rd8 26. Rc7 Kf6 27. Kh2
Rd2 28. Rhc1 Rxa2 29. f4 gxf3 30. Nxf3 Ra5 31. Rf1 Nd5 32. Nd4+ Kg6 33. Rcf7
exd4 34. Rf8 dxe3 35. Rg8+ 35... Kh7 {JenMan resigns} 0-1

[Event "ICS rated blitz match"]
[Site "204.178.125.65"]
[Date "1999.09.11"]
[Round "?"]
[White "JenMan"]
[Black "Hossa"]
[Result "0-1"]
[WhiteElo "2014"]
[BlackElo "2465"]
[PlyCount "56"]
[EventDate "1999.??.??"]

1. d4 Nf6 2. Bg5 Ne4 3. Bf4 e6 4. Nd2 Nxd2 5. Qxd2 d5 6. e3 Be7 7. Bd3 c5 8.
dxc5 Nc6 9. Nf3 Bxc5 10. O-O Be7 11. Rfd1 O-O 12. c4 Nb4 13. Be2 dxc4 14. Bxc4
Qxd2 15. Rxd2 Rd8 16. Rxd8+ Bxd8 17. a3 Nc6 18. Rd1 Bf6 19. b4 a6 20. Bg5 Bb2
21. b5 axb5 22. Bxb5 Bxa3 23. Bxc6 bxc6 24. Rd8+ Bf8 25. g3 f6 26. Bf4 e5 27.
Nxe5 fxe5 28. Bxe5 28... Kf7 {JenMan resigns} 0-1